| 000 | 01187nac a22002411u 4500 | ||
|---|---|---|---|
| 008 | 090513t xxu||||| |||| 00| 0 eng d | ||
| 010 | _a 2004351753 | ||
| 020 | _a0324665229 | ||
| 020 | _a9780324665222 | ||
| 035 | _a(OCoLC)ocm54002980 | ||
| 082 | 0 | 0 |
_a658.404 _bSCH |
| 100 |
_aSchwalbe, Kathy. _94731 |
||
| 245 | 1 | 0 |
_aInformation technology project management / _cKathy Schwalbe. |
| 250 |
_a5th ed. _bInternational student edition |
||
| 260 |
_aAustralia : _bThomson/Course Technology, _cc2007. |
||
| 300 |
_aVarious p.; _bill. ; _c24 cm. + _e1 CD ROM (4 3/4 in.) |
||
| 504 | _aIncludes bibliographical references and index. | ||
| 650 | 0 |
_aProject management. _94732 |
|
| 650 | 0 |
_aInformation technology _xManagement. _94733 |
|
| 942 |
_cBB _k658.404SCH _2ddc |
||
| 999 |
_c11529 _d11529 |
||